Translate Countries from Bengali to English - Statistics

General Stats
  • This quiz has been taken 85 times
  • The average score is 17 of 18
Answer Stats
Bengali English % Correct
Banladesa Bangladesh
100%
Kanada Canada
100%
Cina China
100%
Itali Italy
100%
Peru Peru
100%
Philipa'ina Philippines
100%
Rasiya Russia
100%
Saudi Araba Saudi Arabia
100%
Arjentina Argentina
99%
Astreliya Australia
97%
Brajila Brazil
97%
Spena Spain
96%
Phransa France
92%
Na'ijeriya Nigeria
91%
Bharata India
87%
Ni'ujilyanda New Zealand
81%
Yuktarajya United Kingdom
74%
Yuktarastra United States
74%
No matching quizzes found
Score Distribution
Percent of People with Each Score
Percentile by Number Answered
Your Score History
You have not taken this quiz